000
00297nam a22001337a 4500
008
170907b xxu||||| |||| 00| 0 eng d
020
_a
9780582039193
041
_a
eng
080
_a
91
100
_a
42
101
_a
GJEO
245
_a
CHRONICLE OF THE 20TH CENTURY
_c
MERCER,D
942
_2
udc
_c
BK
999
_c
26628
_d
26628